000 00320pab a2200145 454500
008 180718b2006 xxu||||| |||| 00| 0 eng d
100 _aMuthu Kumar
245 _aManaging in troubled times
260 _c2006
300 _ap.51-54.
362 _aApr
650 _aManagement
773 _aGlobal CEO
909 _a69232
999 _c69232
_d69232